Unshatter - Linkin Park (all lyrics) - Statistics

General Stats
  • This quiz has been taken 11 times
  • The average score is 237 of 327
Answer Stats
Lyrics % Correct
a
100%
I
100%
in
100%
my
100%
myself
100%
the
100%
Unshatter
100%
And
90%
and
90%
be
90%
it
90%
know
90%
picture
90%
see
90%
so
90%
that
90%
to
90%
was
90%
don't
80%
is
80%
me
80%
me,
80%
tryin'
80%
you
80%
You
80%
you!
80%
anything,
70%
anything
70%
but
70%
But
70%
chest
70%
complicated
70%
go
70%
go!
70%
had
70%
hole
70%
made
70%
more
70%
promise
70%
than
70%
then
70%
were
70%
back
60%
believe
60%
better
60%
better,
60%
couldn't
60%
ever
60%
fell
60%
help
60%
it's
60%
known
60%
long
60%
lyin'
60%
Maybe
60%
never
60%
of
60%
on
60%
put
60%
should've
60%
somethin'
60%
together
60%
too
60%
we'll
60%
whole
60%
world
60%
you're
60%
cold
50%
for
50%
got
50%
how
50%
lose
50%
mistaken,
50%
now
50%
out
50%
owe
50%
takin'
50%
I'm
40%
move
40%
patient
40%
reality
40%
right
40%
wrong
40%
cause
30%
I'd
30%
new
30%
only
30%
set
30%
stage
30%
Take
30%
waitin',
30%
When
30%
aimin'
20%
away
20%
blame
20%
I'll
20%
just
20%
pass
20%
ruminate
20%
say
20%
tables
20%
turned
20%
until
20%
waited
20%
what
20%
hesitation
10%
judgment
10%
patiently,
10%
savin'
10%
would
0%
No matching quizzes found
Score Distribution
Percent of People with Each Score
Percentile by Number Answered
Your Score History
You have not taken this quiz